| 000 | 00460nam a2200157 i 4500 | ||
|---|---|---|---|
| 001 | 48540 | ||
| 003 | ES-MaACL | ||
| 005 | 20230906161754.0 | ||
| 007 | t| | ||
| 008 | 030822s1870 fr ||||1| fre d | ||
| 245 | 0 | 0 | _aCatalogue des livres composant la Bibliothèque de feu de M. Desportes... |
| 260 |
_aParis : _bLibrairie J.-Léon, _c1870. |
||
| 300 |
_a80 p. ; _c21 cm. |
||
| 650 | 0 | 4 |
_aLibros- _vCatálogos de subastas. _914429 |
| 852 |
_aES-MaACL _jT-114-F-3 |
||
| 999 |
_c48540 _d48540 |
||